| 000 | 00557nam a22001937a 4500 | ||
|---|---|---|---|
| 003 | OSt | ||
| 005 | 20170324140548.0 | ||
| 008 | 170324b xxu||||| |||| 00| 0 eng d | ||
| 020 | _a0521623626 | ||
| 040 | _cDDC. | ||
| 082 | _a523.8875THE 1998 | ||
| 100 |
_aEdited by abranowicz,M.A;Bjornsson and Pringle,J,E; _911949 |
||
| 245 | _aTheory of Black Hole Accretion Discs. | ||
| 260 |
_aCambridge: _bCambridge University Press. _c1998. |
||
| 300 |
_axi,293p; _bill: _c24cm |
||
| 504 | _aincludes references. | ||
| 650 |
_aPhysics, _9809 |
||
| 942 |
_2ddc _cO_SHELF |
||
| 999 |
_c5740 _d5740 |
||